US States Connect by Proximity - Statistics

General Stats
  • This quiz has been taken 3,219 times
  • The average score is 33 of 50
Answers on the Map
Answers color-coded by a green-red scale on the quiz's map according to % correct below.
 
Answer Stats
State % Correct
Maine
100%
Massachusetts
92%
New Jersey
89%
Connecticut
85%
New Hampshire
84%
New York
84%
Rhode Island
83%
Vermont
83%
Delaware
82%
Pennsylvania
82%
Virginia
82%
West Virginia
81%
Illinois
79%
Tennessee
79%
Michigan
78%
Minnesota
77%
Nebraska
77%
California
75%
Montana
75%
Washington
75%
Oregon
74%
Utah
74%
Wyoming
73%
Kansas
71%
Texas
70%
Colorado
69%
Idaho
67%
South Dakota
66%
Missouri
63%
Mississippi
61%
Florida
59%
South Carolina
58%
Kentucky
57%
Arkansas
54%
Alabama
53%
Louisiana
50%
Oklahoma
50%
Iowa
49%
Indiana
47%
Wisconsin
46%
Maryland
44%
Ohio
44%
North Carolina
43%
North Dakota
42%
Nevada
40%
Arizona
39%
New Mexico
39%
Alaska
38%
Georgia
38%
Hawaii
38%
No matching quizzes found
Score Distribution
Percent of People with Each Score
Percentile by Number Answered
Your Score History
You have not taken this quiz